Sports Quiz

Random Sports Quiz

NCAAB: Duke University Quiz Stats

 Plays Quiz not verified by Sporcle

Challenge
Share
Tweet
Embed
Score 0/23 Timer 05:00
0 Plays Today
2011-12 % Correct
Team NameBlue Devils
96.9%
CityDurham
87.5%
Place where they playCameron Indoor Stadium
74%
CoachMike Krzyzewski
50%
FMason Plumlee
42.7%
FMiles Plumlee
41.7%
GAustin Rivers
41.7%
GSeth Curry
39.6%
Associate Head CoachChris Collins
38.5%
Assistant CoachJeff Capel
30.2%
FRyan Kelly
28.1%
GAndre Dawkins
27.1%
2011-12 % Correct
FMarshall Plumlee
25%
How many times have they won NCAA championships?4
22.9%
How many times have they won ACC regular season champions22
21.9%
Associate Head CoachSteve Wojciechowski
19.8%
GQuinn Cook
19.8%
How many times have they won ACC championships24
16.7%
FAlex Murphy
14.6%
FJoshua Hairston
12.5%
FTodd Zafirovski
10.4%
G/FMichael Gbinije
6.3%
GTyler Thornton
0%

You're not logged in!

Compare scores with friends on all Sporcle quizzes.
Join for Free
OR
Log In

You Might Also Like...

Show Comments

Extras

Top Quizzes Today


Score Distribution

Your Account Isn't Verified!

In order to create a playlist on Sporcle, you need to verify the email address you used during registration. Go to your Sporcle Settings to finish the process.

Report this User

Report this user for behavior that violates our Community Guidelines.

Details: